000 00307nam a22001337a 4500
008 170502b xxu||||| |||| 00| 0 eng d
020 _a9780131466487
041 _aeng
080 _a341
100 _a13
101 _aSHJ
245 _aCLASSICS INTERNATIONAL RELATIONS
_cVASQUEZ.J.A
942 _2udc
_cBK
999 _c12468
_d12468